| 000 | 00556nam a22001817a 4500 | ||
|---|---|---|---|
| 003 | OSt | ||
| 005 | 20140310182436.0 | ||
| 008 | 130220t xxu||||| |||| 00| 0 eng d | ||
| 020 | _a9789715845380 | ||
| 050 |
_aQH 316 _b.B685 2007 |
||
| 100 |
_aBojo, Zenaida P. _97536 |
||
| 245 |
_aLicensure Examination for Teachers (LET) reviewer in biological sciences _cZenaida P. Bojo |
||
| 260 |
_aQuezon City, Philippines : _bC & E Publishing, Inc. _cc2007. |
||
| 300 |
_av, 110 p. : _bill. ; _c26 cm. |
||
| 541 | _j1 | ||
| 562 | _e1 | ||
| 942 |
_2lcc _cSSLC |
||
| 999 |
_c13442 _d13442 |
||